000 00560nam a22001697a 4500
008 160125b xxu||||| |||| 00| 0 eng d
020 _a0618230254
082 _22006
_aDK12 420.7
_bG476
100 _92222
_aGille, Chaudron.
245 _aCollege Vocabulary 2/
_cChaudron Gille.
260 _aBoston :
_bHoughton Mifflin,
_cc2006
300 _avi, 89 pages :
_billustrations ;
_c23 cm.
440 _92224
_aHoughton mifflin english for academic success, 2
650 0 _92226
_aEnglish as a second language
650 0 _92227
_aEnglish language
942 _2ddc
_cDC
999 _c823
_d823